Crítica literaria: temas americanos
Salvato in:
| Autore principale: | |
|---|---|
| Natura: | Libro |
| Lingua: | Undetermined |
| Pubblicazione: |
San Salvador, El Salvador
Ministerio de Educación
1963
|
| Edizione: | 2 |
| Soggetti: | |
| Tags: |
Aggiungi Tag
Nessun Tag, puoi essere il primo ad aggiungerne!!
|
MARC
| LEADER | 00000nam a2200000Ia 4500 | ||
|---|---|---|---|
| 008 | 170316s9999 xx 000 0 und d | ||
| 090 | |a 801 D-1. 1c | ||
| 100 | |a Darío, Rubén | ||
| 245 | |a Crítica literaria: temas americanos | ||
| 250 | |a 2 | ||
| 260 | |a San Salvador, El Salvador | ||
| 260 | |b Ministerio de Educación | ||
| 260 | |c 1963 | ||
| 300 | |a 174 páginas | ||
| 650 | |a TEORÍA LITERARIA | ||
| 650 | |a LITERATURA HISPANOAMERICANA-HISTORIA | ||
| 650 | |a CRÍTICA LITERARIA | ||
| 650 | |a BRASIL | ||
| 650 | |a LETRAS DOMINICANAS | ||
| 650 | |a NOVELA AMÉRICANA EN ESPAÑA | ||
| 999 | |c 20218 |d 20218 | ||
| 040 | |a cru BVZT | ||
| 942 | |c 15 D |h 801 D-1. 1c |2 z | ||
